01492nam a2200301 u 450000100070000000500170000700800410002403500110006504000130007604100080008908000060009708000090010308200080011210000490012024501410016926000430031065000320035365000440038565000770042970000520050670000520055894200100061099900170062050001150063795201660075295201210091895201510103914326220260506075513.0971104s1997 ||||||m| spa  a143262 ccomduadb aspa aT aR/CD 4a15310aArias Sandoval, Luz Miriam4auteaut927658710aMas alla del trastorno deficit de atencion-hiperactividad (TDAH) : una propuesta de intervencion interdisciplinaria deste trabajo social aMedellín :b[sin publicador],c1997. aNiños hiperactivos939033 7aTrastornos del aprendizaje2lemb967860 7aTrastorno por déficit de atención con hiperactividad2armarc985894410aCaceres Castillo, Maria Yaned4auteaut950964310aVargas Hurtado, Beatriz Elena4auteaut9491702 cTESIS c74017d74017 aTesis (Especialista en Gerencia del Desarrollo Social). Universidad de Antioquia - Título del grado otorgado 001040708TESISBCaBCbBCd1997-11-04eMaterial adquirido por donacióniC198897l0o153.1532 A696mp61000001566807r2023-04-21 00:00:00t1w2023-04-21yTESIS 001040708GENERALaCISHbCISHd2007-07-31iC958484l0oT-02600p0620583r2023-04-21 00:00:00t2w2023-04-21yTESIS 001040708DIGITALaCISHbCISHd2018-10-08eMaterial adquirido por donacióniC1297248l0oR/CD-05034r2023-04-21 00:00:00t3w2023-04-21yTESIS